Famous Rivers - True or False - Statistics

General Stats
  • This quiz has been taken 39 times
    34 since last reset
  • The average score is 13 of 15
Answer Stats
Question Answer % Correct
The Amazon is the largest river in Africa False
100%
the Tagus is Germany's longest river False
100%
Two country names come from the Congo River True
100%
Huang he is called the yellow river True
100%
The Ganges is considered a "holy river" by Indians. True
100%
The Volga is the longest river in Europe True
100%
Murray is longest river in Australia True
100%
Colorado is also the name of a state in America True
89%
The Danube flows through most European countries False
78%
The Seine is the largest river in France False
78%
The Nile has its source in Egypt False
78%
Vistula is the longest river in Poland True
78%
The Dniester is the longest river in Ukraine False
67%
The Mississippi flows through eight states False
44%
The Thames and Severn are London's largest rivers False
44%
No matching quizzes found
Score Distribution
Percent of People with Each Score
Percentile by Number Answered
Your Score History
You have not taken this quiz since the last reset